[Event "8th Llucmajor Open 2019"]
[Site "S'Arenal de Llucmajor"]
[Date "2019.05.25"]
[Round "7.1"]
[White "Petrov, Nikita"]
[Black "Bernadskiy, Vitaliy"]
[Result "0-1"]
[WhiteElo "2610"]
[BlackElo "2572"]
[Annotator "TA"]
[PlyCount "88"]
[EventDate "2019.05.19"]
[EventType "swiss"]
[EventCountry "ESP"]
[SourceTitle "playchess.com"]
[Source "ChessBase"]
[SourceQuality "1"]

{[%evp 9,88,26,28,24,30,30,42,31,41,27,37,28,41,39,72,66,63,62,65,48,82,72,82,40,62,75,59,64,109,101,98,75,73,76,83,83,89,75,87,83,68,81,137,128,139,139,142,67,64,50,50,51,66,66,66,61,100,14,24,12,14,14,16,0,0,0,0,0,0,-53,-47,-35,-25,-77,-50,-49,0,0,0,-29984,-29985]} 1. c4 e5 2. Nc3 Bb4 3. Nd5 Bc5 (3... a5 4. a3 Be7 5. d4 d6 6. e4 Nf6 7. Nxe7 Qxe7 8. f3 Nfd7 9. Ne2 O-O 10. d5 Nc5 11. Be3 f5 12. Nc3 fxe4 13. Bxc5 dxc5 14. Nxe4 {½-½ (35) Matlakov,M (2700)-Yu,Y (2764) Caleta 2019}) 4. b4 Be7 5. Bb2 d6 6. g3 {A21: English Opening: 1...e5 2 Nc3} Nf6 7. Nxe7 Qxe7 8. Bg2 {White is slightly better.} O-O 9. Nf3 c6 10. O-O $146 ({Predecessor:} 10. d3 h6 11. O-O {½-½ (47) Mohajerin Esfahani,P (2421)-Riff,V (2385) Switzerland 2011}) 10... Bg4 11. h3 Bh5 12. d3 Nbd7 13. Nh4 d5 14. cxd5 cxd5 15. g4 Bg6 16. Qb3 Rfd8 17. Rac1 Nf8 18. e3 e4 19. Nxg6 hxg6 20. Rc5 (20. Rfd1 {is more complex.} N8h7 21. b5 Ng5 22. Ba3 Qe5 23. dxe4 Ngxe4 24. Bb2) 20... Ne6 21. Bxf6 gxf6 22. Rxd5 exd3 23. Rxd3 Rxd3 24. Qxd3 Qxb4 25. Rb1 Qa5 {[#]} (25... Qc5 $142) 26. Qd5 $1 $16 {[%cal Rd5a5]} Qa3 27. Qxb7 Rd8 28. Qb3 (28. Bd5 $16) 28... Qa5 $14 29. a3 Kg7 30. Qb4 Qc7 31. Qb2 Rd3 32. h4 Rc3 33. Qb7 (33. Bd5 $16) 33... Qc5 $11 34. a4 Rc4 35. Bf3 Rxa4 36. Qb3 Rc4 37. Kg2 a5 38. Qb5 a4 39. Qe8 ({Better is} 39. Qxc5 $11 Rxc5 40. Ra1) 39... Rb4 $1 $15 {[%cal Rb4b1]} 40. Rd1 Qe5 {aiming for ...Nf4+!} 41. Qa8 ({Avoid the trap} 41. Rd7 $2 {[#]} Nf4+ $1 {[%mdl 512]} 42. exf4 Qxe8 $19) 41... Rb2 $36 {[%mdl 2048] Threatens to win with ...Qxe3. Black has the initiative.} 42. Qa7 {Black must now prevent Rd7.} Nc5 {...Ne4 is the strong threat.} (42... Qc3 $5 {[%cal Ra4a3]} 43. Qxa4 Qxe3 $17) 43. Bd5 Ne6 44. Qxa4 $2 {[%mdl 8192]} (44. Bf3 $11 Qc3 45. Rf1) 44... Qxe3 $1 {Accuracy: White = 59%, Black = 64%.} 0-1

[Event "8th Llucmajor Open 2019"]
[Site "S'Arenal de Llucmajor"]
[Date "2019.05.24"]
[Round "7.2"]
[White "Rasmussen, Allan Stig"]
[Black "Kantans, Toms"]
[Result "1-0"]
[WhiteElo "2552"]
[BlackElo "2513"]
[Annotator "TA"]
[PlyCount "43"]
[EventDate "2019.05.19"]
[EventType "swiss"]
[EventCountry "ESP"]
[SourceTitle "playchess.com"]
[Source "ChessBase"]
[SourceQuality "1"]

{[%evp 9,43,9,14,22,19,31,20,0,37,30,64,57,169,156,428,420,474,477,481,482,475,475,466,412,1398,1400,1332,1231,1148,1421,1316,1312,29983,29984,29984,29985]} 1. c4 c5 2. Nf3 Nc6 3. Nc3 Nf6 4. e3 e5 5. d4 exd4 (5... e4 6. d5 exf3 7. dxc6 fxg2 8. cxd7+ Bxd7 9. Bxg2 g6 10. b3 Bg7 11. Qd6 Qb6 12. Qe5+ Kf8 13. Bb2 {½-½ (36) Dominguez Perez,L (2739)-Vachier Lagrave,M (2779) Saint Louis 2018}) 6. exd4 {And now d5 would win. A34: Symmetrical English: 2 Nc3, lines with ...d5} d5 7. cxd5 Nxd5 8. Bc4 {The position is equal.} Nb6 $146 ({Predecessor:} 8... Be6 9. Nxd5 Bxd5 10. Bxd5 Qxd5 11. Be3 c4 12. O-O Bd6 {1-0 (27) Urbach,J (1611)-Kuenitz,K (1767) Hofheim 2015}) 9. Bb5 {[#] Hoping for d5.} Be6 10. O-O Rc8 (10... Be7 $14) 11. Bg5 $36 {[%mdl 2048] White is really pushing.} Qd6 $2 (11... Be7 $16 {might work better.}) 12. Re1 $18 a6 13. Bxc6+ bxc6 14. Qb3 Nd5 15. dxc5 Qb8 16. Nxd5 cxd5 (16... Qxb3 $142 17. axb3 cxd5) 17. Qxd5 Be7 18. Rxe6 fxe6 19. Qxe6 {[%csl Gg5][%cal Re6e7][%mdl 64] [#] Double Attack} Rc7 20. Ne5 {Rd1 would kill now.} Qxb2 21. Qf7+ Kd8 22. Bxe7+ {Accuracy: White = 96%, Black = 29%.} 1-0

[Event "8th Llucmajor Open 2019"]
[Site "S'Arenal de Llucmajor"]
[Date "2019.05.25"]
[Round "7.3"]
[White "Nasuta, Grzegorz"]
[Black "Zubov, Alexander"]
[Result "0-1"]
[WhiteElo "2518"]
[BlackElo "2597"]
[Annotator "TA"]
[PlyCount "188"]
[EventDate "2019.05.19"]
[EventType "swiss"]
[EventCountry "ESP"]
[SourceTitle "playchess.com"]
[Source "ChessBase"]
[SourceQuality "1"]

{[%evp 9,188,17,13,25,25,9,22,0,0,0,21,13,27,17,22,19,21,4,9,-9,7,-17,0,-7,0,0,0,-2,0,0,0,7,0,-47,-50,-61,-38,-122,-58,-45,-34,-41,-60,-34,-35,-25,-21,-18,-14,-74,-64,-62,-65,-77,-63,-120,-91,-166,4,5,4,-65,-57,-51,-10,-64,-8,-6,-12,-80,-54,-146,-73,-92,-86,-92,-87,-86,-66,-70,-68,-173,-57,-86,-81,-81,-64,-81,-66,-120,-76,-118,-20,-31,-15,-41,-47,-47,-32,-26,0,-50,-28,-29,-34,-42,-28,-29,-39,-61,-41,-50,0,-62,-61,-90,-90,-90,-90,-90,-90,-90,-75,-75,-75,-75,-75,-75,-75,-90,-82,-82,0,-83,0,-85,-21,-30,-37,-36,-32,-64,-66,-65,-62,-144,-66,-77,-77,-77,-77,-90,-77,-89,-99,-152,-153,-286,-279,-1662,-1491,-1205,-1253,-1219,-1264,-1470,-1216,-1249,-1245,-1207,-1200,-2305,-1094,-1055,-824,-5093,-1610,-4634,-4627,-4706,-1818]} 1. e4 c5 2. Nf3 d6 3. Bb5+ Nd7 4. a4 {[%cal Ba2a4,Ba4a5][%mdl 32]} Ngf6 5. Nc3 e6 (5... a6 6. Be2 b6 7. d4 cxd4 8. Qxd4 Bb7 9. O-O e5 10. Qe3 Be7 11. Nd2 O-O 12. Rd1 Qc7 13. Nc4 {1-0 (39) Giri,A (2783)-Salem,A (2660) St Petersburg 2018}) 6. O-O {B51: Sicilian: Moscow Variation (3 Bb5+) without 3...Bd7} Be7 7. a5 O-O 8. h3 $146 {The position is equal.} ({Predecessor:} 8. a6 bxa6 9. Bxa6 Bxa6 10. Rxa6 c4 11. Ra1 d5 12. exd5 exd5 13. d3 cxd3 14. Qxd3 {½-½ (28) Hansen,S (2580)-Aagaard,J (2488) Denmark 2018}) 8... a6 9. Be2 b5 10. axb6 $1 Bb7 11. d3 Qxb6 12. b3 Bc6 13. Be3 Qb7 14. Nd2 d5 {...d4 is the strong threat.} 15. exd5 exd5 16. d4 cxd4 17. Bxd4 Nc5 18. Nf3 Rfd8 19. Ne5 Be8 20. Ng4 {Hoping for Bxc5.} Nfe4 21. Bf3 Ne6 22. Be5 Bc6 23. Ne3 (23. Ne2 $1 $15) 23... Nxc3 (23... Bd6 $17 24. Bxg7 Kxg7 25. Ncxd5 N4g5) 24. Bxc3 $15 d4 25. Bxc6 Qxc6 26. Nf5 {[%mdl 64] Double Attack} Bf6 27. Bd2 Rac8 28. Ra2 d3 {[%cal Rd3c2]} 29. cxd3 (29. c4 $11) 29... Rxd3 $17 30. Qg4 {With the idea Nh6+.} Rxb3 31. Nh6+ Kf8 32. Bb4+ (32. Nf5 $15 g6 33. Bb4+ Kg8 34. Be7) 32... Ke8 33. Nf5 {[#]} (33. Ba3 $17) 33... Rd3 $2 (33... h5 $1 $19 {[%cal Rh5g4][%mdl 512]} 34. Qd1 (34. Qxh5 Rxb4) 34... Rxb4 35. Nd6+ Kf8 36. Nxc8 Qxc8 37. Qxh5 Qb7) 34. Re1 $11 g6 35. Qe2 (35. Ng3 $11 Qc4 36. Ne4) 35... Rcd8 $1 $15 36. Nh6 Bg7 37. Ng4 (37. Ng8 $11) 37... R8d5 (37... Qb5 $15 38. Ba5 R8d5) 38. Ne3 $11 Rd7 39. Ng4 (39. Nf1 $11 {keeps the balance.}) 39... Qb5 $36 {[%mdl 2048] Black has good play.} 40. Ba3 ({Better is} 40. Ba5 $1 $15) 40... h5 (40... Bc3 $142 41. Qe4 Qb7 42. Qxb7 Rxb7) 41. Ne5 Qxe5 42. Qxe5 Bxe5 43. Rxe5 R7d5 44. Ree2 a5 45. Bb2 {[#]} ({White should play} 45. Kh2 $15) 45... Kd7 (45... Rd1+ $1 $19 46. Kh2 R1d2) 46. Bf6 Rf5 47. Ba1 Rb5 48. Re1 Kc6 49. Rc1+ (49. Bf6 $15) 49... Kb7 50. Bc3 {[#]} Kb6 (50... Nd4 $1 $17 51. Ba1 Nb3) 51. Bd2 $11 Rdd5 52. Be3+ Kb7 53. Rac2 Rd7 54. Ra2 Rdd5 55. Rac2 Rd8 56. Rc4 Rd7 57. Ra4 Nc7 58. Rca1 Ka6 59. g3 Na8 60. Re4 Nc7 61. Rea4 Rd3 62. R1a2 Nd5 {Strongly threatening ...Nc3.} 63. Bd2 {[%cal Rd2a5]} Nc3 64. Bxc3 Rxc3 $17 {[%mdl 4096] Endgame KRR-KRR} 65. Rd4 Kb7 66. Rd7+ Rc7 67. Rd6 Ka7 68. Kg2 Rcb7 69. Rc6 Kb8 70. Rd2 R5b6 (70... Rc7 $17 71. Rcd6 Ka7) 71. Rc4 (71. Rc5 $1 $11) 71... Ra7 (71... Rb4 $17 72. Rc5 R4b5) 72. Rf4 (72. Rc5 $1 $11) 72... Rc7 (72... f6 $17) 73. Rd5 $11 Ra6 74. Ra4 Rca7 75. g4 hxg4 76. hxg4 Kb7 77. Rf4 (77. Rc4 $15) 77... Kc6 (77... a4 $17 {aiming for ...a3.} 78. Rb4+ Kc8) 78. Rg5 Rc7 79. Ra4 Kb6 {Threatens to win with ...Rc5.} 80. Re5 Rc5 81. Re7 Ra7 82. Ree4 (82. Re8 $142) 82... Kb5 $17 83. Rf4 (83. Kg3 $17) 83... Rac7 $19 84. Kg3 $2 (84. Ra1) 84... g5 {Black is clearly winning.} 85. Rfe4 Rc4 86. Raxc4 Rxc4 {KR-KR} 87. Re5+ Rc5 88. Re7 f6 89. Rb7+ Ka6 90. Rd7 Kb6 (90... a4 $142 91. Rd8 Ka5) 91. Kf3 a4 {[%cal Ba5a4,Ba4a3][%mdl 32]} 92. Ke4 a3 93. Rd6+ Kb5 94. Rd3 Kb4 {Accuracy: White = 38%, Black = 44%.} 0-1

[Event "8th Llucmajor Open 2019"]
[Site "S'Arenal de Llucmajor"]
[Date "2019.05.24"]
[Round "7.4"]
[White "Santos Latasa, Jaime"]
[Black "Girish, A. Koushik"]
[Result "1/2-1/2"]
[WhiteElo "2587"]
[BlackElo "2444"]
[Annotator "TA"]
[PlyCount "56"]
[EventDate "2019.05.19"]
[EventType "swiss"]
[EventCountry "ESP"]
[SourceTitle "playchess.com"]
[Source "ChessBase"]
[SourceQuality "1"]

{[%evp 9,56,10,10,0,11,0,0,0,0,0,0,0,0,0,8,8,12,0,14,0,0,0,0,0,0,-10,0,-8,-6,-4,0,0,14,8,15,16,16,8,4,5,20,0,0,0,0,0,0,-4,0]} 1. c4 e6 2. Nf3 Nf6 3. Nc3 d5 4. e3 a6 (4... Be7 5. b3 O-O 6. Bb2 dxc4 7. bxc4 b6 8. d4 Bb7 9. Bd3 c5 10. d5 exd5 11. cxd5 b5 12. Bxb5 Nxd5 13. O-O Nf6 14. Qc2 {1-0 (102) Giri,A (2797)-Yu,Y (2751) Shenzhen 2019}) 5. b3 b6 {The position is equal.} 6. Bb2 {A17: English Opening: 1...Nf6 with ...Bb4} Bb7 7. cxd5 exd5 8. d4 Nbd7 9. g3 Bd6 10. Bg2 O-O 11. O-O Qe7 12. Qc2 $146 ({Predecessor:} 12. Rc1 Rfe8 {1-0 (32) Shengelia,D (2508)-Davtyan,A (2351) Batumi 2018}) 12... Rfe8 13. Rac1 Rad8 14. Nh4 g6 15. Nf3 Ne4 16. Ne2 a5 17. Nf4 c6 18. Nd3 f6 19. Rfe1 Rc8 20. Nd2 Ba6 21. f3 Bxd3 22. Qxd3 Nxd2 23. Qxd2 Bb4 24. Bc3 Qd6 25. Rcd1 f5 26. e4 fxe4 27. fxe4 dxe4 28. Bxe4 Nf6 {Accuracy: White = 63%, Black = 68%.} 1/2-1/2

[Event "8th Llucmajor Open 2019"]
[Site "S'Arenal de Llucmajor"]
[Date "2019.05.24"]
[Round "7.5"]
[White "Gritask, Orest"]
[Black "Sumets, Andrey"]
[Result "1/2-1/2"]
[WhiteElo "2468"]
[BlackElo "2585"]
[Annotator "TA"]
[PlyCount "35"]
[EventDate "2019.05.19"]
[EventType "swiss"]
[EventCountry "ESP"]
[SourceTitle "playchess.com"]
[Source "ChessBase"]
[SourceQuality "1"]

{[%evp 16,19,12,15,27,6]} 1. c4 e6 2. g3 d5 3. Bg2 Nf6 4. Nf3 Be7 5. d4 O-O 6. O-O c6 7. Qc2 b6 8. Rd1 Nbd7 9. b3 a5 {E08: Closed Catalan: Main Line: 7 Qc2} 10. Nbd2 {Predecessor:} Ba6 $146 11. e4 Rc8 12. Bb2 c5 13. exd5 exd5 14. Qf5 g6 15. Qh3 Bb7 16. Ne5 cxd4 17. Nxd7 Nxd7 18. Bxd4 {1-0 (64) Vidit,S (2702)-Karjakin,S (2753) Kolkata 2018} 1/2-1/2

[Event "8th Llucmajor Open 2019"]
[Site "S'Arenal de Llucmajor"]
[Date "2019.05.24"]
[Round "7.6"]
[White "Raetsky, Alexander"]
[Black "Fier, Alexandr"]
[Result "1/2-1/2"]
[WhiteElo "2394"]
[BlackElo "2555"]
[Annotator "TA"]
[PlyCount "46"]
[EventDate "2019.05.19"]
[EventType "swiss"]
[EventCountry "ESP"]
[SourceTitle "playchess.com"]
[Source "ChessBase"]
[SourceQuality "1"]

{[%evp 15,46,0,0,0,0,0,0,0,0,0,0,0,0,0,0,0,0,0,0,0,0,0,0,0,0,0,0,0,0,0,0,0,0]} 1. d4 Nf6 2. c4 g6 3. Nc3 d5 4. Nf3 Bg7 5. Bg5 dxc4 6. e4 c5 7. d5 b5 {[%cal Bb7b5,Bb5b4][%mdl 32]} 8. d6 Bb7 {The position is equal.} 9. dxe7 {D91: Grünfeld: 4 Nf3 Bg7 5 Bg5} (9. e5 Ne4 10. Nxe4 Bxe4 11. a4 Qd7 12. dxe7 Qxd1+ 13. Rxd1 Nd7 14. axb5 h6 15. Be3 Bc2 16. Rc1 Ba4 17. Bxc4 {½-½ (50) Fedoseev,V (2718)-Dubov,D (2683) St Petersburg 2017}) 9... Qxe7 {aiming for ...b4.} 10. e5 {Strongly threatening Qe2.} Bxf3 $1 11. Qxf3 {[%mdl 64] [#] Hoping for 0-0-0. Double Attack} Qxe5+ {[%mdl 64] Double Attack} 12. Be3 b4 13. Nb5 {Threatens to win with Rd1.} O-O 14. Qxa8 c3 $146 ({Predecessor:} 14... Qxb2 15. Rd1 a6 16. Bxc4 axb5 17. Bxb5 {1-0 (30) Raetsky,A (2405)-Georges,S (2300) Biel 1997}) 15. bxc3 a6 16. Rd1 {[%cal Ba1d1,Bd1d2,Bd2d4][%mdl 32]} axb5 17. Bxb5 c4 18. Qb7 Qxc3+ 19. Ke2 Qc2+ 20. Rd2 Qf5 {[#] And now ...Ne4 would win.} 21. Rd4 Qc2+ 22. Rd2 Qf5 {White must now prevent ...Ne4.} 23. Rd4 Qc2+ 1/2-1/2

[Event "8th Llucmajor Open 2019"]
[Site "S'Arenal de Llucmajor"]
[Date "2019.05.24"]
[Round "7.7"]
[White "Arizmendi Martinez, Julen Luis"]
[Black "Sylvan, Jacob"]
[Result "1-0"]
[WhiteElo "2511"]
[BlackElo "2312"]
[Annotator "TA"]
[PlyCount "61"]
[EventDate "2019.05.19"]
[EventType "swiss"]
[EventCountry "ESP"]
[SourceTitle "playchess.com"]
[Source "ChessBase"]
[SourceQuality "1"]

{[%evp 13,61,16,22,20,37,36,41,38,42,41,38,35,39,23,50,43,38,35,52,54,39,54,62,61,76,22,14,44,7,10,57,54,77,78,74,73,109,82,94,110,226,226,199,177,198,200,190,158,778,777]} 1. d4 d5 2. c4 e6 3. Nc3 Nf6 4. cxd5 exd5 5. Bg5 c6 6. e3 Be7 7. Bd3 Nbd7 {[%cal Bb8d7,Bd7b6,Bb6c4][%mdl 32]} 8. h3 {D35: Queen's Gambit Declined: Exchange Variation} h6 (8... Nf8 9. Qc2 Ne6 10. Bh4 g6 11. Nge2 Ng7 12. f3 O-O 13. O-O-O b5 14. g4 a5 15. Nf4 a4 {1-0 (60) So,W (2762)-Lenderman,A (2637) Saint Louis 2019}) 9. Bf4 Nb6 10. Nf3 {White is slightly better.} Be6 11. Qc2 Rc8 12. O-O O-O 13. Rad1 Nc4 $146 ({Predecessor:} 13... Bd6) 14. Bh2 Qa5 15. Ne5 Nd7 16. Nxc4 dxc4 17. Be2 b5 18. e4 {d5 is the strong threat.} Nb6 {[#]} 19. d5 ({White should play} 19. a3 $1 $16) 19... cxd5 $11 20. exd5 Bd7 {White should prevent ...b4.} 21. d6 $36 {[%mdl 2048] White has some pressure.} Bd8 {With the idea ...b4.} 22. a3 b4 23. axb4 Qxb4 24. Be5 Qc5 25. Bf4 Qb4 26. Bg4 Rb8 {[#]} (26... f5 $16 {might work better.} 27. Bh5 Bf6) 27. Bxd7 $1 $18 Nxd7 28. Rd2 Qb3 29. Qf5 Rb7 30. Nd5 Bf6 $2 {[#]} (30... g6 $16 31. Qg4 Kh7) 31. Bxh6 $1 {[%mdl 512] Accuracy: White = 75%, Black = 31%.} 1-0

[Event "8th Llucmajor Open 2019"]
[Site "S'Arenal de Llucmajor"]
[Date "2019.05.25"]
[Round "8.1"]
[White "Zubov, Alexander"]
[Black "Bernadskiy, Vitaliy"]
[Result "1/2-1/2"]
[WhiteElo "2597"]
[BlackElo "2572"]
[Annotator "TA"]
[PlyCount "171"]
[EventDate "2019.05.19"]
[EventType "swiss"]
[EventCountry "ESP"]
[SourceTitle "playchess.com"]
[Source "ChessBase"]
[SourceQuality "1"]

{[%evp 24,171,29,31,41,60,52,14,36,50,57,87,75,0,35,0,57,62,143,141,135,133,131,119,174,68,138,137,139,41,138,123,109,114,130,128,125,152,140,146,138,127,132,130,228,153,145,137,131,139,125,128,131,106,122,121,143,43,52,48,60,0,0,0,39,25,34,35,23,34,31,32,22,22,16,23,57,57,57,56,56,56,56,56,56,56,57,56,57,57,57,57,57,57,57,57,57,57,57,57,57,57,57,57,57,57,57,57,57,57,57,57,57,57,57,57,57,57,57,57,57,57,57,57,57,57,57,57,57,57,57,57,57,57,57,57,57,57,57,57,57,57,57,57,64,64,64,71,71,0]} 1. d4 Nf6 2. c4 g6 3. Nc3 d5 4. cxd5 Nxd5 5. e4 Nxc3 6. bxc3 Bg7 7. Bc4 c5 8. Ne2 O-O 9. O-O Nc6 10. Be3 cxd4 11. cxd4 Bg4 12. f3 Bd7 13. Rb1 Rc8 {D88: Exchange Grünfeld: Classical Line: 10 Be3 cxd4 11 cxd4} 14. Bd3 Na5 15. d5 b6 {The position is equal.} 16. Ba6 Rc7 17. Bf4 Rc5 18. Be3 Rc7 19. Bf4 Rc5 20. Qd3 $36 {[%mdl 2048] [#] White has some pressure.} Ba4 $146 ({Better is} 20... e6 $14) ({Predecessor:} 20... f5 21. h3 Bc8 22. Bb5 {1-0 (39) Wang,H (2690)-Zhou,J (2623) Jinzhou 2009}) 21. Rfc1 $16 Rxc1+ 22. Rxc1 ({Resist} 22. Nxc1 e6 $14) 22... e5 23. Be3 Bf6 (23... Qd6 $16 24. Nc3 Bd7) 24. d6 (24. Qa3 $18 Bd7 25. Qd6) 24... Bg5 (24... Bc6 $1 $14) 25. Bxg5 Qxg5 26. d7 (26. Qd5 $16) 26... Qe7 (26... Bc6 $1 $14) 27. Rc7 Rd8 {[%cal Rd8d7]} 28. Bb5 (28. Rxa7 $6 Rxd7 29. Rxd7 Bxd7 $11) 28... Qb4 {[%cal Rb4e1] [#]} 29. Nc3 Bxb5 30. Qxb5 ({Don't play} 30. Nxb5 $6 Qe1+ 31. Qf1 Qe3+ 32. Kh1 Qd2 $11) 30... Qd4+ 31. Kf1 Kg7 32. Qd5 Kf6 33. Ke2 Ke7 (33... Qxd5 $16 34. Nxd5+ Ke6) 34. Qxd4 exd4 $18 {[%mdl 4096] Endgame KRN-KRN} 35. Nd5+ Kd6 36. Rxa7 Nc6 {[#]} 37. Ra6 $1 Rxd7 38. Nxb6 Rd8 39. a3 f5 40. Kd3 (40. Nc4+ $16 Kc5 41. Na5 Nxa5 42. Rxa5+ Kc4 43. Ra7 (43. exf5 gxf5 44. Kd2 Rg8 $14)) 40... fxe4+ 41. fxe4 Rf8 42. Nc4+ (42. e5+ $14 Nxe5+ 43. Kxd4 Nc6+ 44. Kc3) 42... Kc5 $11 43. Rb6 Rf2 44. Rb1 Rxg2 45. Rc1 Kb5 46. e5 Rxh2 {next ...Rh3+ is good for Black.} 47. Nd6+ Kb6 48. Rb1+ Ka6 49. Nc4 {Black must now prevent Rb6+.} Nxe5+ 50. Nxe5 {KRN-KR} Rh3+ 51. Kc4 {Strongly threatening Nd3.} Rxa3 52. Nc6 Rf3 53. Nxd4 Re3 54. Kd5 Ka5 55. Rb7 Rc3 56. Rxh7 Kb6 57. Rh8 Rd3 58. Rb8+ Kc7 59. Rg8 g5 60. Rxg5 Rd1 61. Rg2 Rd3 62. Rg1 Rd2 63. Kc5 Kd7 64. Rg7+ Ke8 65. Kd5 Rd1 66. Ra7 (66. Ke6 {keeps more tension.} Kd8 67. Rd7+ Ke8 68. Re7+ Kd8 69. Nc6+) 66... Rd3 67. Ke5 Rd1 68. Nf5 Kd8 69. Rg7 Rd7 70. Rg6 Kc7 71. Nd6 Rh7 72. Ne8+ Kb7 73. Nf6 Rh1 74. Kd6 Rd1+ 75. Nd5 Rd2 76. Rg1 Ka6 77. Rb1 Ka5 78. Rb3 Ka4 79. Rc3 Rh2 80. Kc5 {White wants to mate with Nb6+.} Rh5 81. Rg3 Re5 82. Rh3 Rg5 83. Rf3 Re5 84. Rg3 Rh5 85. Re3 Rg5 86. Rf3 {Accuracy: White = 70%, Black = 67%.} ({White should try} 86. Rh3 $16) 1/2-1/2

[Event "8th Llucmajor Open 2019"]
[Site "S'Arenal de Llucmajor"]
[Date "2019.05.25"]
[Round "8.2"]
[White "Souleidis, Georgios"]
[Black "Rasmussen, Allan Stig"]
[Result "0-1"]
[WhiteElo "2417"]
[BlackElo "2552"]
[Annotator "ChessBase"]
[PlyCount "58"]
[EventDate "2019.05.19"]
[EventType "swiss"]
[EventCountry "ESP"]
[SourceTitle "playchess.com"]
[Source "ChessBase"]
[SourceQuality "1"]
[TimeControl "5400+30"]

1. e4 c6 2. d4 d5 3. f3 e6 4. Nc3 Bb4 5. Bf4 Nf6 6. Qd3 O-O 7. Nge2 b5 8. O-O-O Be7 9. Kb1 b4 10. Na4 Ba6 11. Qe3 dxe4 12. fxe4 Bb5 13. b3 Bxa4 14. bxa4 Nbd7 15. g4 Nb6 16. h4 Nxg4 17. Qf3 f5 18. Ng3 Nf6 19. exf5 Nfd5 20. Bd2 Kh8 21. Qg4 Nf6 22. Qf3 Nxa4 23. Be1 Nd5 24. Ka1 Nac3 25. Rd2 Qa5 26. Bc4 Nxa2 27. c3 Naxc3+ 28. Kb2 b3 29. Bxb3 Rab8 0-1

[Event "8th Llucmajor Open 2019"]
[Site "S'Arenal de Llucmajor"]
[Date "2019.05.25"]
[Round "8.3"]
[White "Santos Latasa, Jaime"]
[Black "Arizmendi Martinez, Julen Luis"]
[Result "1-0"]
[WhiteElo "2587"]
[BlackElo "2511"]
[Annotator "ChessBase"]
[PlyCount "87"]
[EventDate "2019.05.19"]
[EventType "swiss"]
[EventCountry "ESP"]
[SourceTitle "playchess.com"]
[Source "ChessBase"]
[SourceQuality "1"]
[TimeControl "5400+30"]

1. e4 {[%emt 0:00:00]} c6 {[%emt 0:07:23]} 2. d4 {[%emt 0:00:02]} d5 {[%emt 0:00:06]} 3. e5 {[%emt 0:00:09]} c5 {[%emt 0:00:36]} 4. dxc5 {[%emt 0:00:22]} e6 {[%emt 0:00:17]} 5. Nf3 {[%emt 0:00:18]} Bxc5 {[%emt 0:00:39]} 6. Bd3 {[%emt 0:00:04]} Ne7 {[%emt 0:01:04]} 7. O-O {[%emt 0:00:38]} Ng6 {[%emt 0:01:31]} 8. Nbd2 {[%emt 0:02:23]} Nd7 {[%emt 0:16:59]} 9. Nb3 {[%emt 0:02:01]} Be7 {[%emt 0:04:56]} 10. Re1 {[%emt 0:01:12]} O-O {[%emt 0:02:27]} 11. c3 {[%emt 0:02:12]} Nc5 {[%emt 0:12:21]} 12. Nxc5 {[%emt 0:03:23]} Bxc5 {[%emt 0:00:05]} 13. Be3 {[%emt 0:00:23]} b6 {[%emt 0:04:18]} 14. Qa4 {[%emt 0:02:46]} Bd7 {[%emt 0:07:23]} 15. Qg4 {[%emt 0:01:30]} f5 {[%emt 0:00:18]} 16. exf6 {[%emt 0:00:50]} Qxf6 {[%emt 0:00:06]} 17. Qh5 {[%emt 0:00:43]} Be8 {[%emt 0:09:26]} 18. Bxc5 {[%emt 0:03:58]} bxc5 {[%emt 0:00:17]} 19. Rxe6 {[%emt 0:00:23]} Qf4 {[%emt 0:05:04]} 20. Rf1 {[%emt 0:07:42]} Rd8 {[%emt 0:05:01]} 21. Ng5 {[%emt 0:02:15]} h6 {[%emt 0:00:16]} 22. Rxe8 {[%emt 0:02:54]} Rdxe8 {[%emt 0:00:02]} 23. Nh3 {[%emt 0:00:10]} Qf6 {[%emt 0:01:35]} 24. Bxg6 {[%emt 0:01:23]} Re5 {[%emt 0:00:26]} 25. Qg4 {[%emt 0:00:06]} Qe6 {[%emt 0:01:44]} 26. Qxe6+ {[%emt 0:01:47]} Rxe6 {[%emt 0:00:09]} 27. Bh5 {[%emt 0:00:04]} Rb6 {[%emt 0:06:34]} 28. b3 {[%emt 0:01:01]} Ra6 {[%emt 0:03:53]} 29. Bf3 {[%emt 0:01:46]} Rf5 {[%emt 0:00:11]} 30. Ra1 {[%emt 0:02:03]} c4 {[%emt 0:00:56]} 31. Bd1 {[%emt 0:04:19]} Ra3 {[%emt 0:02:44]} 32. g3 {[%emt 0:05:20]} Rf6 {[%emt 0:02:53]} 33. Nf4 {[%emt 0:05:31]} Rfa6 {[%emt 0:00:10]} 34. bxc4 {[%emt 0:01:59]} dxc4 {[%emt 0:00:06]} 35. Be2 {[%emt 0:01:08]} R6a4 {[%emt 0:02:38]} 36. Rd1 {[%emt 0:02:36]} Rxc3 {[%emt 0:01:30]} 37. Bh5 {[%emt 0:00:16]} g5 {[%emt 0:01:10]} 38. Rd8+ {[%emt 0:00:15]} Kg7 {[%emt 0:00:24]} 39. Rd7+ {[%emt 0:00:09]} Kg8 {[%emt 0:01:04]} 40. Ne6 {[%emt 0:01:19]} Rd3 {[%emt 0:00:29]} 41. Re7 {[%emt 0:01:29]} Rb4 {[%emt 0:00:40]} 42. Bf7+ {[%emt 0:03:06]} Kh8 {[%emt 0:00:34]} 43. Re8+ {[%emt 0:00:18]} Kh7 {[%emt 0:00:05]} 44. Rg8 {[%emt 0:00:04]} 1-0